| 000 | 00464nam a22001577a 4500 | ||
|---|---|---|---|
| 005 | 20240607132419.0 | ||
| 008 | 240607b |||||||| |||| 00| 0 eng d | ||
| 041 | _aEnglish | ||
| 082 | _a349 LAW | ||
| 100 | _lEnglish | ||
| 245 | _aThe All England Reports: Reprint | ||
| 260 |
_aLondon: _bButterworth and Company Publishers Ltd, _c1963 |
||
| 300 |
_b1273 pages; _c25 cm. |
||
| 650 |
_aLegal practice _bLaw |
||
| 942 |
_cBK _6ALISON_BN_VRIES |
||
| 999 |
_c1910 _d1910 |
||